000 00794nam a2200217 a 4500
008 060424s1988 ||||||||||||||||| || u
020 _a0863411401
050 _aTK 6015 Pov
100 _aPovey, P.J
245 1 0 _aVintage telephones of the world
260 _aLondon :
_bP. Peregrinus Ltd. in association with the Science Museum
_c1988
300 _aix, 202 p. : ill. ; 24 cm.
350 _a0.00
490 _aIEE history of technology series
490 _v 8.
500 _aIncludes index. -Bibliography
650 _aTELEPHONE - HISTORY
700 _aEarl, R. A. J. (Reg A. J.)
710 _aScience Museum (Great Britain)
995 _D0.00
_FCBU-MAIN LIBRARY (Kitwe)
_H1
_I25.00
_UAVAILABLE
_ZMain Library Open Access Collection
999 _c61316
_d61316